ბათუმის შოთა რუსთაველის სახელმწიფო უნივერსიტეტის ბიბლიოთეკა

Расчет железобетонных конструкции с учетом длительных процессов. (ბიბ.ჩანაწერი № 38747)

000 -LEADER
fixed length control field 00785nam a2200205Ia 4500
001 - CONTROL NUMBER
control field 5064
003 - CONTROL NUMBER IDENTIFIER
control field GE_BSU
008 - FIXED-LENGTH DATA ELEMENTS--GENERAL INFORMATION
fixed length control field 181216s||||||||xx |||||||||||||| ||und||
040 ## - CATALOGING SOURCE
Transcribing agency GE_BSU
080 ## - UNIVERSAL DECIMAL CLASSIFICATION NUMBER
Universal Decimal Classification number 624.82
100 ## - MAIN ENTRY--PERSONAL NAME
Personal name Улицкий,И.И. Чжан чжун-яо, Голышев,А.Б.
245 ## - TITLE STATEMENT
Title Расчет железобетонных конструкции с учетом длительных процессов.
245 ## - TITLE STATEMENT
Statement of responsibility, etc. Ред. Л.Неменко.
260 ## - PUBLICATION, DISTRIBUTION, ETC.
Place of publication, distribution, etc. Киев.
260 ## - PUBLICATION, DISTRIBUTION, ETC.
Name of publisher, distributor, etc. Госстройиздат.
260 ## - PUBLICATION, DISTRIBUTION, ETC.
Date of publication, distribution, etc. 1960.
300 ## - PHYSICAL DESCRIPTION
Extent 494 стр. 22 см. Заключение, приложение.
653 ## - INDEX TERM--UNCONTROLLED
Uncontrolled term Расчет железобетонных конструкции с учетом длительных процессов.
942 ## - ADDED ENTRY ELEMENTS (KOHA)
Koha item type წიგნი
ეგზემპლარები
Withdrawn status Lost status Damaged status Not for loan Date acquired Barcode Date last seen Price effective from Koha item type
        2018-12-17 11449 2018-12-17 2018-12-17 წიგნი